LEADER 01056nam 2200325 450 001 9910793675803321 010 $a3-8382-6138-0 035 $a(CKB)4100000008340271 035 $a(MiAaPQ)EBC5782567 035 $a(EXLCZ)994100000008340271 100 $a20190611d2012 uy 0 101 0 $ager 135 $aurcnu|||||||| 181 $ctxt$2rdacontent 182 $cc$2rdamedia 183 $acr$2rdacarrier 200 14$aDer Osten im Westen - oder $eWie viel DDR steckt in Angela Merkel, Matthias Platzeck und Wolfgang Thierse? : Versuch einer Kollektivbiographie /$fMichael Lu?hmann 210 1$aStuttgart :$cIbidem-Verlag,$d2012. 215 $a1 online resource (166 pages) 225 1 $aGo?ttinger junge Forschung ;$vBand 6 410 0$aGo?ttinger junge Forschung ;$vBand 6. 676 $a943.0883092 700 $aLu?hmann$b Michael$f1980-$01576731 801 0$bMiAaPQ 801 1$bMiAaPQ 801 2$bMiAaPQ 906 $aBOOK 912 $a9910793675803321 996 $aDer Osten im Westen - oder$93854705 997 $aUNINA LEADER 01569oas 22005413 450 001 9910679980703321 005 20250604213024.0 011 $a2328-6229 035 $a(OCoLC)840914722 035 $a(CONSER) 2013201521 035 $a(CKB)2560000000108315 035 $a(EXLCZ)992560000000108315 100 $a20130426a20129999 uy a 101 0 $aeng 135 $aur||||||||||| 181 $ctxt$2rdacontent 182 $cc$2rdamedia 183 $acr$2rdacarrier 200 04$aThe international journal of organizational diversity 210 1$aChampaign, Illinois, USA :$cCommon Ground Publishing LLC,$d2012- 300 $aRefereed/Peer-reviewed 311 08$a2328-6261 606 $aDiversity in the workplace$vPeriodicals 606 $aMulticulturalisme en milieu de travail$vPe?riodiques 606 $aMulticulturalisme$vPe?riodiques 606 $aDiversity in the workplace$2fast$3(OCoLC)fst00895719 608 $aPeriodicals.$2fast 608 $aPeriodicals.$2lcgft 615 0$aDiversity in the workplace 615 6$aMulticulturalisme en milieu de travail 615 6$aMulticulturalisme 615 7$aDiversity in the workplace. 676 $a331.133 801 0$bDLC 801 1$bDLC 801 2$bOCLCQ 801 2$bDLC 801 2$bZ5A 801 2$bOCLCO 801 2$bOCLCF 801 2$bU3W 801 2$bOCLCQ 801 2$bUEJ 801 2$bOCLCL 906 $aJOURNAL 912 $a9910679980703321 996 $aThe international journal of organizational diversity$93078789 997 $aUNINA